000 00883cam a2200265 a 4500
003 UPN
005 20231005063645.0
008 190314s1998 mx a br 000 0 spa d
020 _a9789701821909
035 _aUPN01000229636
040 _aMX-MxUPN
_bspa
_cMX-MxUPN
050 4 _aLB1578.349 M584
_bS26 1998
100 1 _aSantibáñez Canseco, Cándido
_943280
245 1 0 _aN'a n'ïyuk :
_blengua mixe zona media de Oaxaca : cuarto grado
250 _aPrimera edición
260 _aMéxico :
_bSEP, Dirección General de Educación Indígena ,
_c1998.
300 _a199 páginas :
_bilustraciones a color
650 4 _aCartilla mixe
_98126
650 4 _aMixe
_xEstudio y enseñanza (Elemental)
_925699
650 4 _aIndígenas de México
_zOaxaca
_xLenguas
_917368
902 _bVíctorGodínez/2511/22/M
905 _aLibro
942 _2lcc
_cLIBRO
999 _c201731
_d201731